|
|
|
|
| LEADER |
03898nam a2200529 4500 |
| 001 |
978-981-10-5293-4 |
| 003 |
DE-He213 |
| 005 |
20191023151031.0 |
| 007 |
cr nn 008mamaa |
| 008 |
171014s2018 si | s |||| 0|eng d |
| 020 |
|
|
|a 9789811052934
|9 978-981-10-5293-4
|
| 024 |
7 |
|
|a 10.1007/978-981-10-5293-4
|2 doi
|
| 040 |
|
|
|d GrThAP
|
| 050 |
|
4 |
|a RA1-1270
|
| 072 |
|
7 |
|a MBN
|2 bicssc
|
| 072 |
|
7 |
|a MED078000
|2 bisacsh
|
| 072 |
|
7 |
|a MBN
|2 thema
|
| 082 |
0 |
4 |
|a 613
|2 23
|
| 082 |
0 |
4 |
|a 614
|2 23
|
| 100 |
1 |
|
|a Jongen, Crystal.
|e author.
|4 aut
|4 http://id.loc.gov/vocabulary/relators/aut
|
| 245 |
1 |
0 |
|a Cultural Competence in Health
|h [electronic resource] :
|b A Review of the Evidence /
|c by Crystal Jongen, Janya McCalman, Roxanne Bainbridge, Anton Clifford.
|
| 250 |
|
|
|a 1st ed. 2018.
|
| 264 |
|
1 |
|a Singapore :
|b Springer Singapore :
|b Imprint: Springer,
|c 2018.
|
| 300 |
|
|
|a XIV, 139 p. 4 illus. in color.
|b online resource.
|
| 336 |
|
|
|a text
|b txt
|2 rdacontent
|
| 337 |
|
|
|a computer
|b c
|2 rdamedia
|
| 338 |
|
|
|a online resource
|b cr
|2 rdacarrier
|
| 347 |
|
|
|a text file
|b PDF
|2 rda
|
| 490 |
1 |
|
|a SpringerBriefs in Public Health,
|x 2192-3698
|
| 505 |
0 |
|
|a 1. Introduction -- 2. The Drivers of Cultural Competence -- Chapter3. Methods -- 4. Health Workforce Development Interventions to Improve Cultural Competence -- 5. Cultural Competence Education and Training for Health and Medical Students -- 6. Programs and Services to Improve Cultural Competence in Healthcare -- 7. Health Organisation and System Cultural Competence Interventions -- 8. Cultural competence strengths, weaknesses and future directions -- 9. Multilevel Cultural Competence Intervention Implementation and Evaluation Framework.
|
| 520 |
|
|
|a This resource supports evidence-informed approaches to improving the cultural competence of health service delivery. By reviewing the evidence from Australia, Canada, New Zealand and the US, it provides readers with a clear and systematic overview of the interventions and indicators applied to enable health system agencies and professionals to work effectively in various cross-cultural health care situations. The book highlights the importance of cultural competence and describes the current situation in the studied countries; identifies effective approaches and strategies for improving the situation; reviews the indicators for measuring progress; assesses the health outcomes associated with cultural competence; summarizes the quality of the evidence; and presents an evidence-informed conceptual framework for cultural competence in health. Cultural competence is critical to reducing health disparities and has become a popular concept in these countries for improving access to high-quality, respectful and responsive health care. This book provides policy makers, health practitioners, researchers and students with a much needed summary of what works to improve health systems, services and practice.
|
| 650 |
|
0 |
|a Public health.
|
| 650 |
|
0 |
|a Social structure.
|
| 650 |
|
0 |
|a Social inequality.
|
| 650 |
1 |
4 |
|a Public Health.
|0 http://scigraph.springernature.com/things/product-market-codes/H27002
|
| 650 |
2 |
4 |
|a Social Structure, Social Inequality.
|0 http://scigraph.springernature.com/things/product-market-codes/X22010
|
| 700 |
1 |
|
|a McCalman, Janya.
|e author.
|4 aut
|4 http://id.loc.gov/vocabulary/relators/aut
|
| 700 |
1 |
|
|a Bainbridge, Roxanne.
|e author.
|4 aut
|4 http://id.loc.gov/vocabulary/relators/aut
|
| 700 |
1 |
|
|a Clifford, Anton.
|e author.
|4 aut
|4 http://id.loc.gov/vocabulary/relators/aut
|
| 710 |
2 |
|
|a SpringerLink (Online service)
|
| 773 |
0 |
|
|t Springer eBooks
|
| 776 |
0 |
8 |
|i Printed edition:
|z 9789811052927
|
| 776 |
0 |
8 |
|i Printed edition:
|z 9789811052941
|
| 830 |
|
0 |
|a SpringerBriefs in Public Health,
|x 2192-3698
|
| 856 |
4 |
0 |
|u https://doi.org/10.1007/978-981-10-5293-4
|z Full Text via HEAL-Link
|
| 912 |
|
|
|a ZDB-2-SME
|
| 950 |
|
|
|a Medicine (Springer-11650)
|